NBC handbook of pronunciation. (Record no. 943)

000 -LEADER
fixed length control field 00772nam a2200205 a 4500
001 - CONTROL NUMBER
control field :::00014122$&:&@@
003 - CONTROL NUMBER IDENTIFIER
control field OkBaRHE
005 - DATE AND TIME OF LATEST TRANSACTION
control field 20100325145119.0
008 - FIXED-LENGTH DATA ELEMENTS--GENERAL INFORMATION
fixed length control field s1964 j 000 0 eng u
040 ## - CATALOGING SOURCE
Transcribing agency
100 1# - MAIN ENTRY--PERSONAL NAME
Personal name Bender, James F. (James Frederick), 1905-
245 10 - TITLE STATEMENT
Title NBC handbook of pronunciation.
Statement of responsibility, etc Originally compiled by James F. Bender for the National Broadcasting Company.
250 ## - EDITION STATEMENT
Edition statement 3d ed. rev. by Thomas Lee Crowell, Jr.
260 ## - PUBLICATION, DISTRIBUTION, ETC. (IMPRINT)
Place of publication, distribution, etc New York, NY., :
Name of publisher, distributor, etc Crowell
Date of publication, distribution, etc 1964
300 ## - PHYSICAL DESCRIPTION
Extent xii, 418 p. ;
Dimensions 23 cm.
650 ## - SUBJECT ADDED ENTRY--TOPICAL TERM
Topical term or geographic name as entry element English Language
General subdivision Pronunciation
700 ## - ADDED ENTRY--PERSONAL NAME
Personal name National Broadcasting Company, Inc.
942 ## - ADDED ENTRY ELEMENTS (KOHA)
Source of classification or shelving scheme
Koha item type Books
Copies
Koha item type Source of classification or shelving scheme Price effective from Shelving location Damaged status Lost status Permanent Location Date acquired Date last seen Full call number Barcode Withdrawn status Collection code Not for loan Copy number
Books 2010-04-14General Stacks  RHEMA Bible Training College2010-04-142010-04-14PE 1137 .B573 196414122 Reference 1